Business environment of small and medium sized enterprises in selected European country diplomová práca

Enregistré dans:
Détails bibliographiques
Auteur principal: Vavrová, Katarína
Collectivité auteur: Ekonomická univerzita v Bratislave. Ústav medzinárodných programov
Autres auteurs: Šúbertová, Elena
Format: Livre
Langue:anglais
Publié: Bratislava 2015
Tags: Ajouter un tag
Pas de tags, Soyez le premier à ajouter un tag!

MARC

LEADER 00000nbm a2200000 4500
001 0208985
005 20161121122618.2
041 0 |a eng 
044 |a SK 
245 1 0 |a Business environment of small and medium sized enterprises in selected European country  |b diplomová práca  |c Katarína Vavrová ; školiteľ: Elena Šúbertová 
264 1 |a Bratislava  |c 2015 
300 |a 58 s. 
100 1 |a Vavrová, Katarína 
700 1 |a Šúbertová, Elena 
710 2 |a Ekonomická univerzita v Bratislave. Ústav medzinárodných programov